Bernardo Arias Trujillo : el escritor (Registro nro. 82105)
[ vista simple ]
| 001 - NÚMERO DE CONTROL | |
|---|---|
| campo de control | 196836 |
| 005 - FECHA Y HORA DE LA ÚLTIMA TRANSACCIÓN | |
| campo de control | 20240201125949.0 |
| 008 - DATOS DE LONGITUD FIJA--INFORMACIÓN GENERAL | |
| campo de control de longitud fija | 980605s1997 spa |
| 035 ## - NÚMERO DE CONTROL DEL SISTEMA | |
| Número de control de sistema | 196836 |
| 040 ## - FUENTE DE LA CATALOGACIÓN | |
| Centro/agencia transcriptor | comduadb |
| 041 ## - CÓDIGO DE LENGUA | |
| Código de lengua del texto/banda sonora o título independiente | spa |
| 100 10 - ENTRADA PRINCIPAL--NOMBRE DE PERSONA | |
| Nombre de persona | Velez Correa, Roberto |
| Código de función | aut |
| Término indicativo de función/relación | Autor/a |
| 9 (RLIN) | 273994 |
| 245 10 - MENCIÓN DE TÍTULO | |
| Título | Bernardo Arias Trujillo : el escritor |
| 300 ## - DESCRIPCIÓN FÍSICA | |
| Extensión | 117 páginas |
| 773 0# - ENLACE AL DOCUMENTO FUENTE/ENTRADA DE REGISTRO ANFITRIÓN | |
| Título | Bernardo Arias Trujillo : El intelectual |
| Parte(s) relacionada(s) | 117p. |
| Número de control del registro | 141741 |
| Número Internacional Estándar del Libro | 9589092918 |
| Número de control del registro | (OCoLC)777984307 |
| Número bibliográfico anfitrión | 80917 |
| 942 ## - ELEMENTOS DE ENTRADA AGREGADA (KOHA) | |
| Tipo de ítem Koha | Capítulo de Libro |
No hay ítems disponibles.